书目信息 |
| 题名: |
传感器技术及应用
|
|
| 作者: | 何希才 主编 ;薛永毅 , 姜余祥 编著 | |
| 分册: | ||
| 出版信息: | 北京 北京航空航天大学出版社 2005.04 |
|
| 页数: | 267页 | |
| 开本: | 23cm | |
| 丛书名: | ||
| 单 册: | ||
| 中图分类: | TP212 | |
| 科图分类: | ||
| 主题词: | 传感器 | |
| 电子资源: | ||
| ISBN: | 7-81077-554-5 | |
| 000 | 00880nam0 2200253 450 | |
| 001 | 0160086523 | |
| 005 | 20051130154719.75 | |
| 010 | @a7-81077-554-5@dCNY23.00 | |
| 100 | @a20050402d2005 km y0chiy0120 ea | |
| 101 | 0 | @achi |
| 102 | @aCN@b110000 | |
| 105 | @aa a 000yy | |
| 200 | 1 | @a传感器技术及应用@Achuan gan qi ji shu ji ying yong@f何希才主编@Fhe xi cai zhu bian@g薛永毅, 姜余祥编著@Gxue yong yi,jiang yu xiang bian zhu |
| 210 | @a北京@c北京航空航天大学出版社@d2005.04 | |
| 215 | @a267页@c图@d23cm | |
| 320 | @a有书目。 | |
| 330 | @a本书介绍常用传感器应用技术及其实用电路的设计,内容包括温度传感器、光电传感器、磁敏传感器、气敏传感器。 | |
| 606 | 0 | @a传感器 |
| 690 | @aTP212@v4 | |
| 701 | 0 | @a何希才@Ahe xi cai@4主编 |
| 702 | 0 | @a薛永毅@Axue yong yi@4编著 |
| 702 | 0 | @a姜余祥@Ajiang yu xiang@4编著 |
| 801 | 0 | @aCN@bQSSK@c20051130 |
| 905 | @a10447@dTP212@eH210 | |
| 传感器技术及应用/何希才主编/薛永毅, 姜余祥编著.-北京:北京航空航天大学出版社,2005.04 |
| 267页:图;23cm |
| ISBN 7-81077-554-5:CNY23.00 |
| 本书介绍常用传感器应用技术及其实用电路的设计,内容包括温度传感器、光电传感器、磁敏传感器、气敏传感器。 |
| ● |
| 相关链接 |
|
|
|
正题名:传感器技术及应用
索取号:TP212/H210
 
预约/预借
| 序号 | 登录号 | 条形码 | 馆藏地/架位号 | 状态 | 备注 |
| 1 | 576864 | 205768640 | 自科二线404/404自科库 10排3列1层/ [索取号:TP212/H210] | 在馆 | |
| 2 | 576865 | 205768659 | 自科库301/301自科库 70排1列2层/ [索取号:TP212/H210] | 在馆 | |
| 3 | 576866 | 205768668 | 自科库301/301自科库 70排1列2层/ [索取号:TP212/H210] | 在馆 |